| 000 | 01068cam a22003257i 4500 | ||
|---|---|---|---|
| 999 |
_c6012 _d6012 |
||
| 001 | 18358718 | ||
| 003 | OSt | ||
| 005 | 20210316161045.0 | ||
| 008 | 141103s2014 enka 001 0 eng | ||
| 010 | _a 2014469729 | ||
| 015 |
_aGBB421228 _2bnb |
||
| 016 | 7 |
_a101634362 _2DNLM |
|
| 016 | 7 |
_a016635774 _2Uk |
|
| 020 | _a9780723435716 | ||
| 035 | _a(OCoLC)ocn871305863 | ||
| 040 |
_aNLM _beng _cNLM _dUKMGB _dBTCTA _dYDXCP _dCUX _dCNMBL _dCUS _dOCLCF _dVET _dDLC _erda |
||
| 042 |
_anlmcopyc _alccopycat |
||
| 082 | _aWR100 D446j 2012 | ||
| 100 |
_aBolognia, Jean L.; Jorizzo, Joseph L.; Schaffer, Julie V. _913973 |
||
| 245 | 0 | 0 | _aDermatology |
| 250 | _a3rd.ed. vol.1&2 | ||
| 264 | 1 |
_aNew York; _bElsevier Saunders, _c2012. |
|
| 300 |
_axxv, 2572p : _bcol.ill ; _c28 cm |
||
| 500 | _aIncludes index and bibliographical references | ||
| 650 | 0 |
_aDermatology. _9502 |
|
| 650 | 1 | 2 |
_aSkin Diseases _94529 |
| 906 |
_a7 _bcbc _ccopycat _d2 _encip _f20 _gy-gencatlg |
||
| 942 |
_cB_BANK _2z |
||